000
00273nam a2200109Ia 4500
008
231120s2019 xx 000 0 und d
041
_a
eng
100
_a
MARYLIN SCOTT
245
_a
THE ACRYLIC ARTISTS BIBLE
260
_a
SEARCH PRESS
_b
SEARCH PRESS
_c
2019
300
_a
P-192
999
_c
933447
_d
933447